MIET PUBLIC SCHOOLS

Xam Idea Mathematics 10th (Record no. 9082)

MARC details
000 -LEADER
fixed length control field 00194nam a22000977a 4500
245 ## - TITLE STATEMENT
Title Xam Idea Mathematics 10th
250 ## - EDITION STATEMENT
Edition statement 2024
260 ## - PUBLICATION, DISTRIBUTION, ETC. (IMPRINT)
Name of publisher, distributor, etc V.K. Publicatoin
300 ## - PHYSICAL DESCRIPTION
Extent 424
942 ## - ADDED ENTRY ELEMENTS (KOHA)
Source of classification or shelving scheme Dewey Decimal Classification
Koha item type Subject Books
Holdings
Withdrawn status Lost status Source of classification or shelving scheme Damaged status Not for loan Permanent location Current location Date acquired Source of acquisition Cost, normal purchase price Total Checkouts Barcode Date last seen Bill Date Koha item type Bill Number
    Dewey Decimal Classification     MIET Public School Mawana Road Meerut MIET Public School Mawana Road Meerut 07/08/2024 Savera, Meerut 702.00   M10261 07/11/2024 07/11/2024 Subject Books  
opac credits

Powered by Koha